000 01159nam0a22002651 4500
001 rc\1151857
005 20260405150448.0
035 _a(NLR Aleph) 006397236
090 _a5208349
_c5208349
100 _a20041129d1980 |||y0rusy50 ca
101 0 _arus
102 _aRU
105 _ay |||||||||
200 1 _aМорское страхование
_e[Сб. нормат. материалов зарубеж. гос-в]
_f[Сост. д. ю. н. В.А. Мусин, Н.В. Немчинов
_gНауч. ред.: д. ю. н. В.А. Мусин, к. ю. н. В.И. Нефедов
210 _aМ.
_cЦРИА "Морфлот"
_d1980
215 _a180 с.
_d21
225 1 _aМатериалы по морскому праву зарубежных стран
_fЦНИИ мор. флота
_vВып. 6
300 _aНа обл. только загл. сер.
320 _aБиблиогр. в подстроч. примеч.
702 1 _4220
_7ca
_8rus
_aМусин
_bВ. А.
_f1939-2015
_gВалерий Абрамович
_944695
_3RU\NLR\AUTH\7761765
801 0 _aRU
_bNLR
_gpsbo
801 1 _aRU
_bELAR
_2rusmarc
852 _aNLR
_jП22/3253
942 _cBOOK
980 _aNB